[Event "Sodingen- Porz 2"]
[Site "?"]
[Date "2023.04.30"]
[Round "8.4"]
[White "Becker, Joerg"]
[Black "Gluma, Christian"]
[Result "1-0"]
[WhiteElo "2193"]
[BlackElo "2161"]
[PlyCount "118"]
[SourceVersionDate "2023.06.22"]

1. d4 g6 2. e4 Bg7 3. Nf3 c6 4. c4 d5 5. Nc3 dxe4 6. Nxe4 Bg4 7. Be3 Nh6 8. Ng3
O-O 9. Be2 Nd7 10. Qd2 Nf5 11. Nxf5 Bxf5 12. Bh6 Re8 13. Bxg7 Kxg7 14. Nh4 Be4
15. f3 e5 16. g3 Bf5 17. Nxf5+ gxf5 18. O-O-O Qf6 19. dxe5 Nxe5 20. h3 c5 21.
f4 Nc6 22. Bf3 Nd4 23. Qc3 Re2 24. Rd2 Rxd2 25. Qxd2 Nxf3 26. Qd5 Nd4 27. Qxc5
Re8 28. Rd1 Nc6 29. Rd2 Re1+ 30. Kc2 Qe6 31. a3 Qe4+ 32. Kb3 b6 33. Qd5 Re3+
34. Ka2 Rxg3 35. c5 Qxd5+ 36. Rxd5 b5 37. h4 b4 38. a4 Kf8 39. Rd6 Rg6 40. Rd5
Ke7 41. Kb3 a6 42. h5 Re6 43. Kc4 Re4+ 44. Kd3 Rxf4 45. Rd6 Ne5+ 46. Ke2 Re4+
47. Kf2 Ng4+ 48. Kf3 Re6 49. Rd5 Kf6 50. Kf4 Re4+ 51. Kg3 Kg5 52. Rd7 f4+ 53.
Kg2 Re2+ 54. Kf1 Ne3+ 55. Kxe2 Nc4 56. c6 Nb6 57. a5 Nc8 58. Rxf7 Kg4 59. Rxh7
Kg3 1-0

[Event "Sodingen- Porz 2"]
[Site "?"]
[Date "2023.04.30"]
[Round "8.5"]
[White "Gallasch, Robin"]
[Black "Mueller, Frank"]
[Result "1-0"]
[WhiteElo "2021"]
[BlackElo "1960"]
[PlyCount "57"]
[SourceVersionDate "2023.06.22"]

1. d4 Nf6 2. c4 g6 3. Nc3 d5 4. Nf3 Bg7 5. h4 O-O 6. cxd5 Nxd5 7. h5 Bg4 8.
hxg6 hxg6 9. Qb3 Nb6 10. d5 c6 11. Qb4 Bxf3 12. gxf3 Nxd5 13. Qh4 Nf6 14. Bh6
Nh5 15. Rd1 Qc7 16. Qg5 Bxh6 17. Qxh6 Rd8 18. Rxd8+ Qxd8 19. e3 Nd7 20. Bc4 Nf8
21. Rg1 Ng7 22. Rh1 Nh5 23. Ne4 Qa5+ 24. Kf1 Rd8 25. Ng5 e6 26. Bb3 Qf5 27. Rh4
Rd2 28. Ne4 Rxb2 29. Rxh5 1-0

[Event "Sodingen- Porz 2"]
[Site "?"]
[Date "2023.04.30"]
[Round "8.6"]
[White "Hille, Ingo"]
[Black "Sabirov, Rafael"]
[Result "0-1"]
[WhiteElo "2078"]
[BlackElo "2089"]
[PlyCount "90"]
[SourceVersionDate "2023.06.22"]

1. f4 d5 2. Nf3 g6 3. g3 Nh6 4. d3 Bg7 5. Bg2 Nf5 6. c3 h5 7. e4 dxe4 8. dxe4
Qxd1+ 9. Kxd1 Nd6 10. Nbd2 O-O 11. Kc2 Nc6 12. Re1 e5 13. fxe5 Nxe5 14. Nxe5
Bxe5 15. Nf3 Bg7 16. Bf4 Bg4 17. h3 Bd7 18. Rad1 Rad8 19. b3 Bc8 20. e5 Nf5 21.
Rxd8 Rxd8 22. e6 Bxe6 23. Bxc7 Rc8 24. Be5 Bd5 25. Bxg7 Kxg7 26. Nh4 Bxg2 27.
Nxg2 Nxg3 28. Re7 Rb8 29. Ne3 h4 30. c4 Nh5 31. Nd5 Nf6 32. Kd3 g5 33. Ne3 Rd8+
34. Ke2 Rd7 35. Re5 Kg6 36. c5 Nh5 37. Ng2 Kf6 38. Re8 Re7+ 39. Rxe7 Kxe7 40.
Kf3 f5 41. b4 Ke6 42. a4 Nf6 43. Ne3 Nd5 44. b5 Nxe3 45. b6 axb6 0-1

[Event "Sodingen- Porz 2"]
[Site "?"]
[Date "2023.04.30"]
[Round "8.7"]
[White "Kremser, Michael"]
[Black "Foerster, Wolfgang"]
[Result "1-0"]
[WhiteElo "1981"]
[BlackElo "1968"]
[Annotator "daniel"]
[PlyCount "115"]
[SourceVersionDate "2023.06.22"]

1. d4 c5 2. d5 d6 3. c4 Nf6 4. Nc3 g6 5. e4 Bg7 6. Be2 Na6 7. f4 Nc7 8. Nf3 O-O
9. O-O Rb8 10. a4 b6 11. Re1 a6 12. Ra3 Bd7 13. e5 Nfe8 14. Ne4 b5 15. axb5
axb5 16. b3 Bf5 17. Ng3 Bc8 $11 18. Bd3 e6 19. dxe6 fxe6 20. Be3 d5 21. Bxc5
Rxf4 22. Ne2 Rf7 23. Ned4 Bd7 24. Ba7 b4 25. Ra2 Ra8 26. Qd2 dxc4 27. Bxc4 Bf8
28. Kh1 Be7 29. Rea1 Ng7 30. Bb6 Rb8 31. Ba7 Rb7 32. Qe3 Rf8 33. Qe4 Bc8 34.
Nc6 Qe8 35. Be3 Nf5 36. Nxe7+ Qxe7 37. Bg5 Qc5 38. Rc2 Nd5 39. Ba6 Qa7 40. Bxb7
Qxb7 41. Nd4 Qb6 42. Nxf5 gxf5 43. Qh4 Qb7 44. Bf6 Qf7 45. Qg5+ Qg6 46. Qxg6+
hxg6 47. Ra7 Re8 48. Rg7+ Kf8 49. Rxg6 Ba6 50. h4 Bd3 51. Rd2 Be4 52. h5 Nf4
53. Rg5 Nd5 54. h6 Nxf6 55. exf6 Kf7 56. h7 Rh8 57. Rd7+ Kxf6 58. Rg8 1-0

[Event "Sodingen- Porz 2"]
[Site "?"]
[Date "2023.04.30"]
[Round "8.8"]
[White "Rohovoy, Dmitrij"]
[Black "Sistig, Max"]
[Result "1/2-1/2"]
[WhiteElo "1920"]
[BlackElo "1926"]
[PlyCount "71"]
[SourceVersionDate "2023.06.22"]

1. d4 Nf6 2. c4 g6 3. Nc3 Bg7 4. Nf3 O-O 5. Bf4 d6 6. e3 Nbd7 7. Bd3 b6 8. Rc1
Bb7 9. O-O Re8 10. Bg5 h6 11. Bh4 e5 12. Be2 g5 13. dxe5 dxe5 14. Bg3 Ne4 15.
Nxe4 Bxe4 16. h4 Bf6 17. hxg5 hxg5 18. Nh2 Qe7 19. Bf3 Nc5 20. Bxe4 Nxe4 21.
Qg4 Nxg3 22. Qxg3 e4 23. b3 Rad8 24. Rcd1 Bg7 25. Qg4 a5 26. Rxd8 Rxd8 27. Rd1
Rxd1+ 28. Qxd1 c6 29. Qg4 Qe5 30. Qc8+ Bf8 31. g3 Qa1+ 32. Kg2 Qxa2 33. Qxc6
Qxb3 34. Qxe4 a4 35. Ng4 Qb2 36. Qf5 1/2-1/2

[Event "Mülheim Nord 3- Krefeld"]
[Site "?"]
[Date "2023.04.30"]
[Round "8.1"]
[White "Gutkin, Ilya"]
[Black "Walter, Andreas"]
[Result "1/2-1/2"]
[WhiteElo "2273"]
[BlackElo "2147"]
[Annotator "daniel"]
[PlyCount "90"]
[SourceVersionDate "2023.06.22"]

1. Nf3 d5 2. g3 c5 3. Bg2 Nc6 4. d4 Nf6 5. O-O cxd4 6. Nxd4 e5 7. Nxc6 bxc6 8.
c4 Be6 9. Qa4 Qd7 10. Nc3 Rc8 11. cxd5 cxd5 12. Qxd7+ Kxd7 13. Rd1 Bc5 $11 14.
Na4 Be7 15. Bg5 Ng8 16. Be3 d4 17. f4 f6 18. Bf2 Nh6 19. h3 Bd6 20. e3 Nf5 21.
exd4 Nxd4 22. Bxd4 exd4 23. Rxd4 Rc4 24. Nc5+ Ke7 25. Nxe6 Rxd4 26. Nxd4 Bc5
27. Re1+ Kf7 28. Bd5+ Kg6 29. f5+ Kh6 30. Re4 Rd8 31. Rh4+ Kg5 32. Rg4+ Kh6 33.
Rh4+ Kg5 34. Kg2 Rxd5 35. Rg4+ Kh6 36. Rh4+ Kg5 37. Ne6+ Kxf5 38. Nxc5 Rxc5 39.
Rh5+ g5 40. Rxh7 Ra5 41. a3 Rb5 42. g4+ Kg6 43. Rxa7 Rxb2+ 44. Kg1 Rb3 45. Kg2
Rb2+ 1/2-1/2

[Event "Mülheim Nord 3- Krefeld"]
[Site "?"]
[Date "2023.04.30"]
[Round "8.2"]
[White "Wittenberg, Andreas"]
[Black "Ricken, Katharina"]
[Result "1/2-1/2"]
[WhiteElo "2191"]
[BlackElo "2152"]
[PlyCount "68"]
[SourceVersionDate "2023.06.22"]

1. d4 Nf6 2. Nf3 e6 3. g3 b5 4. Bg2 Bb7 5. O-O Be7 6. a4 b4 7. c4 Qc8 8. b3 c5
9. Bb2 Na6 10. e3 O-O 11. Nbd2 d6 12. Qe2 Ne4 13. Nxe4 Bxe4 14. Rfd1 Qb7 15.
Ne1 Bxg2 16. Nxg2 Rfd8 17. d5 e5 18. f4 exf4 19. exf4 Qd7 20. f5 Nc7 21. f6
Bxf6 22. Bxf6 gxf6 23. Nh4 Re8 24. Qf3 Re5 25. Qxf6 Ne8 26. Qf4 Ng7 27. Rf1
Rae8 28. Rf3 Re1+ 29. Rxe1 Rxe1+ 30. Kg2 Re2+ 31. Rf2 Qe7 32. Nf5 Rxf2+ 33.
Kxf2 Nxf5 34. Qxf5 Kg7 1/2-1/2

[Event "Mülheim Nord 3- Krefeld"]
[Site "?"]
[Date "2023.04.30"]
[Round "8.3"]
[White "Van der Valk, Niklas"]
[Black "Limbourg, Philipp"]
[Result "0-1"]
[WhiteElo "2155"]
[BlackElo "2211"]
[PlyCount "50"]
[SourceVersionDate "2023.06.22"]

1. c4 e5 2. Nc3 Nc6 3. Nf3 Bb4 4. Nd5 a5 5. a3 Bc5 6. d3 d6 7. g3 Nge7 8. Bg2
O-O 9. O-O Bg4 10. h3 Nxd5 11. hxg4 Nde7 12. e3 f5 13. Ng5 Qd7 14. gxf5 Qxf5
15. f4 exf4 16. gxf4 Qg6 17. Be4 Nf5 18. d4 Ba7 19. Rf2 h6 20. Bd5+ Kh8 21. Rh2
Rae8 22. Qg4 Rxe3 23. Bxe3 Nxe3 24. Nf7+ Qxf7 25. Qf3 Nxd5 0-1

[Event "Mülheim Nord 3- Krefeld"]
[Site "?"]
[Date "2023.04.30"]
[Round "8.4"]
[White "Bus, Tom"]
[Black "Panjer, Sidney"]
[Result "1/2-1/2"]
[WhiteElo "2116"]
[BlackElo "2062"]
[PlyCount "40"]
[SourceVersionDate "2023.06.22"]

1. Nf3 d5 2. g3 Nd7 3. d4 Nb6 4. Bg2 Bf5 5. O-O e6 6. Ne5 c6 7. c4 Nf6 8. Nc3
Be7 9. a4 a5 10. Qb3 O-O 11. Bf4 dxc4 12. Nxc4 Nxc4 13. Qxc4 Nd5 14. Bd2 Nb6
15. Qb3 Qxd4 16. Be3 Qb4 17. Qxb4 axb4 18. Bxb6 bxc3 19. bxc3 Ra6 20. a5 e5
1/2-1/2

[Event "Mülheim Nord 3- Krefeld"]
[Site "?"]
[Date "2023.04.30"]
[Round "8.5"]
[White "Van Gool, Rudi"]
[Black "Mainusch, Martin"]
[Result "1/2-1/2"]
[WhiteElo "2150"]
[BlackElo "2077"]
[Annotator "daniel"]
[PlyCount "105"]
[SourceVersionDate "2023.06.22"]

1. d4 d5 2. c4 dxc4 3. Nf3 Nf6 4. e3 e6 5. Bxc4 a6 6. O-O c5 7. Qe2 b5 8. Bd3
Nbd7 9. Rd1 Bb7 10. dxc5 Bxc5 11. a3 Qb8 12. Nbd2 O-O 13. b4 Bd6 $11 14. h3 Rc8
15. Bb2 Ne5 16. Nxe5 Bxe5 17. Nb3 Bd5 18. Nc5 Bxb2 19. Qxb2 a5 20. Rdc1 axb4
21. axb4 Qb6 22. Rxa8 Rxa8 23. Ra1 Qc6 24. Bf1 h6 25. Rxa8+ Qxa8 26. Qd4 Bc6
27. f3 Nd5 28. Nd3 Qb8 29. e4 Nb6 30. Qe5 Qxe5 31. Nxe5 Be8 32. Kf2 f6 33. Nd3
e5 34. f4 Nc4 35. fxe5 fxe5 36. Nc5 Nd6 37. Be2 Kf7 38. Ke3 Kf6 39. g3 g5 40.
h4 gxh4 41. gxh4 h5 42. Nb3 Kg6 43. Nd2 Bd7 44. Nf3 Nf7 45. Bd3 Kh6 46. Bc2 Be6
47. Bd3 Bd7 48. Be2 Kg6 49. Nd2 Nd6 50. Nf1 Bg4 51. Bd3 Bd1 52. Ng3 Bg4 53. Nf1
1/2-1/2

[Event "Mülheim Nord 3- Krefeld"]
[Site "?"]
[Date "2023.04.30"]
[Round "8.6"]
[White "Grodotzki, Kenneth"]
[Black "Terhuven, Patrick"]
[Result "0-1"]
[WhiteElo "2030"]
[BlackElo "2161"]
[PlyCount "102"]
[SourceVersionDate "2023.06.22"]

1. f4 c5 2. Nf3 g6 3. g3 d5 4. Bg2 Nf6 5. O-O Bg7 6. d3 b6 7. e4 Nc6 8. e5 Ng8
9. Nc3 a6 10. Qe1 e6 11. a3 Nge7 12. Rb1 Nf5 13. Ne2 O-O 14. c3 b5 15. g4 Nfe7
16. Qf2 c4 17. d4 a5 18. h4 b4 19. Bh3 Rb8 20. axb4 axb4 21. Be3 Bd7 22. Ng3
bxc3 23. bxc3 Qa5 24. Rbc1 Rb3 25. f5 exf5 26. gxf5 Nxf5 27. Bxf5 Bxf5 28. Nxf5
gxf5 29. Qg2 Kh8 30. Kh1 Ne7 31. Bg5 Qc7 32. Rg1 Rg8 33. Qh3 Rb6 34. Rg2 f6 35.
exf6 Bxf6 36. Bxf6+ Rxf6 37. Rxg8+ Kxg8 38. Ne5 Ng6 39. Qg2 Kf8 40. Qxd5 Nxe5
41. dxe5 Rh6 42. Rc2 Qb6 43. Rf2 Rxh4+ 44. Kg2 Rg4+ 45. Kf3 Rf4+ 46. Kxf4 Qxf2+
47. Kg5 Qg3+ 48. Kxf5 Qg6+ 49. Kf4 Qf7+ 50. Qxf7+ Kxf7 51. Kf5 h5 0-1

[Event "Mülheim Nord 3- Krefeld"]
[Site "?"]
[Date "2023.04.30"]
[Round "8.7"]
[White "Fehmer, Carsten"]
[Black "Roitburd, Talik"]
[Result "1/2-1/2"]
[WhiteElo "2123"]
[BlackElo "2142"]
[PlyCount "36"]
[SourceVersionDate "2023.06.22"]

1. Nf3 Nf6 2. g3 g6 3. b3 Bg7 4. Bb2 d6 5. d4 c5 6. Bg2 Qa5+ 7. Nfd2 cxd4 8.
Bxd4 Nc6 9. Bc3 Qc5 10. O-O O-O 11. Bxf6 Bxf6 12. Ne4 Qe5 13. Nxf6+ Qxf6 14.
Nd2 Qe5 15. Nc4 Qh5 16. Ne3 Bh3 17. Bf3 Qc5 18. Re1 Be6 1/2-1/2

[Event "Mülheim Nord 3- Krefeld"]
[Site "?"]
[Date "2023.04.30"]
[Round "8.8"]
[White "Schmidt, Kevin"]
[Black "Dorner, Matthias"]
[Result "1/2-1/2"]
[WhiteElo "1968"]
[BlackElo "2191"]
[PlyCount "91"]
[SourceVersionDate "2023.06.22"]

1. e4 c6 2. d4 d5 3. Nc3 dxe4 4. Nxe4 Nf6 5. Nxf6+ exf6 6. c3 Bd6 7. Bd3 O-O 8.
Ne2 Re8 9. O-O Qc7 10. h3 Nd7 11. c4 b6 12. Be3 Nf8 13. Qd2 f5 14. b4 Ng6 15.
c5 Bh2+ 16. Kh1 f4 17. Bxg6 fxe3 18. Bxh7+ Kxh7 19. Qd3+ g6 20. f4 Bf5 21. Qd1
a5 22. cxb6 Qxb6 23. Kxh2 axb4 24. g4 Be4 25. f5 Qc7+ 26. Kg1 Bd5 27. Qe1 g5
28. f6 Rg8 29. h4 Rh8 30. Qb1+ Kg8 31. Qf5 Rh6 32. h5 Kh8 33. Qxg5 Rh7 34. Qxe3
Rg8 35. Rf4 Rxh5 36. Ng3 Rh3 37. Re1 Qd7 38. Nf5 Rxe3 39. Rxe3 Kh7 40. Kh2 Re8
41. Rh3+ Kg6 42. Kg3 Re4 43. Rh6+ Kg5 44. Rh5+ Kg6 45. Rh6+ Kg5 46. Rh5+
1/2-1/2

[Event "Werden- Kamen"]
[Site "?"]
[Date "2023.04.30"]
[Round "8.1"]
[White "Luetke, Jens"]
[Black "Kaufeld, Juergen"]
[Result "1/2-1/2"]
[WhiteElo "2191"]
[BlackElo "2281"]
[Annotator "daniel"]
[PlyCount "114"]
[SourceVersionDate "2023.06.22"]

1. e4 c6 2. d4 d5 3. Nd2 dxe4 4. Nxe4 Nf6 5. Nxf6+ exf6 6. c3 Bd6 7. Bd3 O-O 8.
Ne2 Re8 9. Qc2 h5 10. Bh7+ Kh8 11. Bf5 Bxf5 12. Qxf5 g6 13. Qf3 Qe7 14. Be3 Nd7
15. O-O-O Nb6 16. Ng3 Nd5 17. Bd2 Qe6 18. h3 Bxg3 19. fxg3 Qe2 20. g4 Qxf3 21.
gxf3 b5 $11 22. gxh5 gxh5 23. Rde1 f5 24. Rhg1 Rxe1+ 25. Rxe1 Rg8 26. Re5 Rg3
27. Rxf5 Rxh3 28. Rxf7 h4 29. Kc2 Rh1 30. b3 h3 31. Rf5 Kg7 32. Rh5 Nf6 33. Rh4
Kg6 34. c4 bxc4 35. bxc4 Kf5 36. Kd3 h2 37. a4 Rf1 38. Rxh2 Rxf3+ 39. Kc2 Ra3
40. Rf2+ Ke6 41. Re2+ Kd7 42. a5 a6 43. Kb2 Rg3 44. Bb4 Rg7 45. Bc3 Re7 46. Rg2
Ne4 47. Rg8 Rf7 48. Bb4 Rf2+ 49. Kc1 Ra2 50. Rg7+ Kc8 51. Rg6 Kb7 52. d5 c5 53.
Re6 cxb4 54. Re7+ Kc8 55. Rxe4 Rxa5 56. Kb2 Ra3 57. c5 Rc3 1/2-1/2

[Event "Werden- Kamen"]
[Site "?"]
[Date "2023.04.30"]
[Round "8.2"]
[White "Kauch, Markus"]
[Black "Himmel, Hansjoerg"]
[Result "1-0"]
[WhiteElo "2120"]
[BlackElo "2253"]
[PlyCount "83"]
[SourceVersionDate "2023.06.22"]

1. c4 e5 2. Nc3 Bb4 3. Nd5 a5 4. Nf3 e4 5. Ng5 c6 6. Nxb4 Qxg5 7. Nc2 d5 8. d3
Qe7 9. dxe4 dxe4 10. Bf4 Bf5 11. Qd4 f6 12. O-O-O Nd7 13. Ne3 Bg6 14. h4 h5 15.
g3 Ne5 16. Bh3 Nh6 17. Bxe5 fxe5 18. Qd6 Qxd6 19. Rxd6 Bf7 20. Rd7 Rb8 21. Rhd1
O-O 22. Re7 Rfe8 23. Rdd7 b5 24. c5 Kf8 25. Rxe8+ Bxe8 26. Ra7 a4 27. Bg2 Rd8
28. Bxe4 Rd4 29. f3 Ng4 30. Nc2 Rxe4 31. fxe4 Nf6 32. Ne3 Nxe4 33. g4 Nxc5 34.
Rc7 Ne6 35. Ra7 Nd4 36. Kd2 Bf7 37. a3 g6 38. Kd3 hxg4 39. Nxg4 Bc4+ 40. Ke4
Nf5 41. Nxe5 Nxh4 42. Nxc4 1-0

[Event "Werden- Kamen"]
[Site "?"]
[Date "2023.04.30"]
[Round "8.3"]
[White "Georg, Heinz"]
[Black "Roth, Markus"]
[Result "1/2-1/2"]
[WhiteElo "2107"]
[BlackElo "2195"]
[PlyCount "49"]
[SourceVersionDate "2023.06.22"]

1. e4 e6 2. c4 d5 3. cxd5 exd5 4. exd5 Nf6 5. Nc3 Be7 6. Bb5+ Nbd7 7. Nf3 O-O
8. O-O Nb6 9. h3 Nbxd5 10. d4 Bf5 11. Bg5 h6 12. Bh4 Nxc3 13. bxc3 Ne4 14. Bxe7
Qxe7 15. Qc1 Qf6 16. Bd3 c5 17. Ne5 cxd4 18. cxd4 Rad8 19. Qe3 Nd6 20. Rfd1
Bxd3 21. Rxd3 Nf5 22. Qe4 Nd6 23. Qe3 Nf5 24. Qe4 Nd6 25. Qe3 1/2-1/2

[Event "Werden- Kamen"]
[Site "?"]
[Date "2023.04.30"]
[Round "8.4"]
[White "Ter Steeg, Marcus"]
[Black "Seepe, Udo"]
[Result "0-1"]
[WhiteElo "2023"]
[BlackElo "2119"]
[PlyCount "88"]
[SourceVersionDate "2023.06.22"]

1. d4 d5 2. c4 c6 3. cxd5 cxd5 4. Nc3 Nf6 5. f3 e6 6. e4 Nc6 7. e5 Nd7 8. f4 a6
9. Nf3 f5 10. Be2 b5 11. Be3 Nb6 12. h3 Be7 13. g4 g6 14. gxf5 gxf5 15. Ng5
Bxg5 16. Bh5+ Kd7 17. fxg5 Nc4 18. Bc1 Qb6 19. Ne2 Kc7 20. b3 N4a5 21. Bb2 Bd7
22. Qd2 Kb7 23. Nf4 b4 24. Rc1 Rac8 25. h4 Ka8 26. Be2 Ne7 27. Kf2 Ng6 28. Nd3
Nc6 29. Nc5 Nb8 30. h5 Nxe5 31. dxe5 Rxc5 32. Bd4 Rxc1 33. Bxb6 Rxh1 34. Qxb4
Rh2+ 35. Ke1 Rc8 36. Be3 Rc2 37. Bd2 Rxa2 38. Qc3 Bb5 39. Bxb5 axb5 40. g6 hxg6
41. h6 g5 42. h7 Rxh7 43. Qc8 Rh2 44. Qxe6 Ra1+ 0-1

[Event "Werden- Kamen"]
[Site "?"]
[Date "2023.04.30"]
[Round "8.5"]
[White "Georg, Felix"]
[Black "Huette, Stefan"]
[Result "1/2-1/2"]
[WhiteElo "2038"]
[BlackElo "2033"]
[Annotator "daniel"]
[PlyCount "49"]
[SourceVersionDate "2023.06.22"]

1. b4 c6 2. Bb2 Qb6 3. a3 a5 4. e3 axb4 5. Bd4 Qc7 6. axb4 Rxa1 7. Bxa1 d5 8.
Nf3 Nd7 9. c4 dxc4 10. Bxc4 e6 11. b5 c5 12. O-O Ngf6 $11 13. Qe2 Be7 14. e4
Nb6 15. Bb3 O-O 16. Rc1 Qf4 17. Re1 Bd7 18. Be5 Qg4 19. Nc3 Rc8 20. Ra1 c4 21.
Bc2 Bb4 22. Qe3 Bc5 23. Bd4 Qh5 24. e5 Nbd5 25. Qe1 1/2-1/2

[Event "Werden- Kamen"]
[Site "?"]
[Date "2023.04.30"]
[Round "8.8"]
[White "Kowalzick, Uwe"]
[Black "Bui, Hoan Tam"]
[Result "0-1"]
[WhiteElo "1779"]
[BlackElo "1701"]
[PlyCount "22"]
[SourceVersionDate "2023.06.22"]

1. d4 d5 2. Nf3 Nf6 3. e3 c5 4. Nbd2 Nc6 5. c3 Qc7 6. Be2 Bg4 7. O-O e6 8. h3
Bh5 9. Ne1 Bxe2 10. Qxe2 Be7 11. Nc2 O-O 0-1

[Event "Letmathe- katernberg 2"]
[Site "?"]
[Date "2023.04.30"]
[Round "8.1"]
[White "Gassmann, Volker"]
[Black "Haub, Thorsten"]
[Result "1/2-1/2"]
[WhiteElo "2158"]
[BlackElo "2402"]
[PlyCount "89"]
[SourceVersionDate "2023.06.22"]

1. d4 g6 2. e4 Bg7 3. c4 d6 4. Nc3 Nd7 5. Nf3 e6 6. Be3 Ne7 7. Qd2 h6 8. Bd3 a6
9. Rd1 d5 10. exd5 exd5 11. O-O Nf6 12. h3 Bf5 13. Rfe1 Bxd3 14. Qxd3 dxc4 15.
Qxc4 O-O 16. d5 Nf5 17. Bf4 Nd6 18. Qb3 Rb8 19. Rc1 Re8 20. Ne5 Nd7 21. Ng4 g5
22. Bxd6 cxd6 23. Rxe8+ Qxe8 24. Ne3 b5 25. Qd1 Qe5 26. Qf3 Rc8 27. a3 Nb6 28.
Nf5 Rc4 29. Nxg7 Kxg7 30. Rd1 b4 31. Ne2 Qxb2 32. axb4 Qe5 33. Ng3 Rxb4 34. Qd3
Ra4 35. Nf5+ Kf8 36. Qb1 Qe4 37. Qxb6 Qxf5 38. Qxd6+ Kg7 39. Qg3 Qc2 40. Qe5+
Kg6 41. Rf1 Qe4 42. Qb8 Qxd5 43. Qg8+ Kf6 44. Qh8+ Kg6 45. Qg8+ 1/2-1/2

[Event "Letmathe- katernberg 2"]
[Site "?"]
[Date "2023.04.30"]
[Round "8.2"]
[White "Bosch, Jeroen"]
[Black "Villwock, Martin"]
[Result "1/2-1/2"]
[WhiteElo "2419"]
[BlackElo "2107"]
[PlyCount "109"]
[SourceVersionDate "2023.06.22"]

1. d4 Nf6 2. c4 e6 3. Nf3 Bb4+ 4. Bd2 c5 5. Bxb4 cxb4 6. Nbd2 d6 7. e3 O-O 8.
Be2 Re8 9. O-O e5 10. h3 a5 11. Qc2 b6 12. Rad1 Bb7 13. dxe5 dxe5 14. Nxe5 Rxe5
15. Nf3 Qe7 16. Nxe5 Qxe5 17. Rd8+ Ne8 18. Qf5 Nc6 19. Rxa8 Bxa8 20. Qc8 Qb8
21. Qxb8 Nxb8 22. Rd1 Nc6 23. Bf3 Kf8 24. c5 bxc5 25. Rc1 c4 26. Rxc4 Ne5 27.
Rc5 Nd3 28. Rxa5 Bxf3 29. gxf3 Nxb2 30. Kf1 Nd6 31. Ke2 Ke7 32. Ra8 Nb5 33. f4
Kd6 34. Kd2 Na3 35. Ra7 Nbc4+ 36. Kd3 Nb2+ 37. Kd2 Nbc4+ 38. Kd3 Nb2+ 39. Ke4
Nd1 40. Rxf7 Nc3+ 41. Kd3 Nxa2 42. Rxg7 b3 43. Rb7 Kc6 44. Rxb3 Nc1+ 45. Kc3
Nxb3 46. Kxb3 Nb5 47. Kc4 Nc7 48. Kd4 Kd6 49. f5 h6 50. f4 Nb5+ 51. Ke4 Nc3+
52. Kf3 Ke7 53. Kg4 Kf6 54. Kh5 Nd5 55. Kxh6 1/2-1/2

[Event "Letmathe- katernberg 2"]
[Site "?"]
[Date "2023.04.30"]
[Round "8.3"]
[White "Scheck, Kyrill"]
[Black "Mollema, Thomas"]
[Result "0-1"]
[WhiteElo "2163"]
[BlackElo "2227"]
[PlyCount "106"]
[SourceVersionDate "2023.06.22"]

1. e4 e5 2. Nf3 Nf6 3. Nxe5 d6 4. Nf3 Nxe4 5. d4 d5 6. Bd3 Be7 7. O-O O-O 8. c4
c6 9. Qc2 Nf6 10. c5 b6 11. Ne5 Re8 12. cxb6 Qxb6 13. Be3 Ba6 14. Bxa6 Nxa6 15.
Nxc6 Bd6 16. Ne5 Rab8 17. Qa4 Qxb2 18. Qxa6 Bxe5 19. Na3 Bc7 20. Rfb1 Qc3 21.
Nb5 Rxb5 22. Qxb5 Rxe3 23. Rc1 Qxd4 24. Rab1 Bxh2+ 25. Kxh2 Re8 26. Kg1 h5 27.
Re1 Rc8 28. Rbc1 Rxc1 29. Rxc1 Qd2 30. Rc8+ Kh7 31. Qb1+ g6 32. f3 Qd4+ 33. Kf1
h4 34. Rc7 Kg7 35. Qc2 Qf4 36. Qc1 Qg3 37. Rxa7 h3 38. gxh3 Qxf3+ 39. Kg1 Qg3+
40. Kf1 Qxh3+ 41. Kg1 Qg3+ 42. Kf1 Qd3+ 43. Kg2 Qe4+ 44. Kg3 Nh5+ 45. Kh2 Qh4+
46. Kg2 Nf4+ 47. Kf3 Qh3+ 48. Kxf4 Qh6+ 49. Ke5 Qxc1 50. Kxd5 g5 51. a4 g4 52.
a5 g3 53. a6 g2 0-1

[Event "Letmathe- katernberg 2"]
[Site "?"]
[Date "2023.04.30"]
[Round "8.4"]
[White "Gruermann, Martin"]
[Black "Irkilmez, Yakub"]
[Result "0-1"]
[WhiteElo "2227"]
[BlackElo "2112"]
[PlyCount "82"]
[SourceVersionDate "2023.06.22"]

1. e4 e6 2. d4 d5 3. Nc3 Nf6 4. Bd3 c5 5. Nf3 cxd4 6. Nxd4 Bb4 7. e5 Nfd7 8.
Qg4 g6 9. Nf3 Nc6 10. O-O O-O 11. Qg3 Re8 12. h4 Bf8 13. h5 Bg7 14. Re1 a6 15.
Bf4 Qb6 16. a3 Nf8 17. Bg5 Nd7 18. hxg6 hxg6 19. Bf6 Nxf6 20. exf6 Bxf6 21.
Nxd5 Qd8 22. Nc7 Ra7 23. Bxg6 Re7 24. Bh7+ Kxh7 25. Re4 Qxc7 26. Ng5+ Kg6 27.
f4 Qb6+ 28. Kh2 Qb5 29. Nf3+ Kh7 30. Rh1 Bg7 31. Ne5 f5 32. Qg6+ Kg8 33. Rd1
Bd7 34. Rxd7 fxe4 35. Rxe7 Nxe7 36. Qf7+ Kh7 37. Qh5+ Bh6 38. Qf7+ Kh8 39. Qf6+
Bg7 40. Nf7+ Kg8 41. Qxe6 Qh5+ 0-1

[Event "Letmathe- katernberg 2"]
[Site "?"]
[Date "2023.04.30"]
[Round "8.5"]
[White "Dahm, Bernd"]
[Black "Pfleger, Sascha"]
[Result "1/2-1/2"]
[WhiteElo "2125"]
[BlackElo "2015"]
[PlyCount "95"]
[SourceVersionDate "2023.06.22"]

1. d4 Nf6 2. c4 e6 3. Nc3 Bb4 4. Qc2 Nc6 5. Nf3 O-O 6. Bd2 Re8 7. e4 e5 8. dxe5
Nxe5 9. Nxe5 Rxe5 10. f3 d6 11. O-O-O a6 12. a3 Ba5 13. g4 Bxc3 14. Bxc3 Rc5
15. Kb1 Be6 16. Qf2 Qe7 17. Rc1 Bxg4 18. Bd3 Bh5 19. Rhg1 Bg6 20. Bd4 Rh5 21.
Qc2 Rh3 22. Qg2 Rh4 23. Bf2 Rf4 24. Bg3 Nh5 25. Bxf4 Nxf4 26. Qd2 Qe5 27. Bc2
Ne6 28. Rcd1 Rd8 29. Rg3 c5 30. Qd5 Qxd5 31. Rxd5 Nd4 32. Rxd4 cxd4 33. Rg5 f6
34. Rd5 Kf8 35. Rxd4 Ke7 36. Kc1 Rc8 37. Kd2 Rc5 38. Ke3 Bf7 39. b3 a5 40. Rd2
Rh5 41. Kd4 Rc5 42. Bd3 Bh5 43. f4 Be8 44. Be2 Bf7 45. b4 Rc6 46. Rb2 axb4 47.
Rxb4 Rc7 48. Rb5 1/2-1/2

[Event "Letmathe- katernberg 2"]
[Site "?"]
[Date "2023.04.30"]
[Round "8.6"]
[White "Hunold, Rolf"]
[Black "Dette, Jan"]
[Result "0-1"]
[WhiteElo "2011"]
[BlackElo "2035"]
[PlyCount "64"]
[SourceVersionDate "2023.06.22"]

1. e4 e6 2. d4 d5 3. Nc3 Nf6 4. Bg5 Bb4 5. e5 h6 6. Be3 Ne4 7. Nge2 c5 8. a3
Ba5 9. dxc5 Nc6 10. Bd4 b6 11. b4 bxc5 12. Nxe4 dxe4 13. Bxc5 Qxd1+ 14. Rxd1
Bb6 15. Bd6 Ba6 16. a4 Bc4 17. a5 Bd8 18. Nd4 Bxf1 19. Rxf1 Rc8 20. Nxc6 Rxc6
21. Rc1 Bg5 22. Rb1 Rxc2 23. h4 Be7 24. Kd1 Rc4 25. Ke2 Bxd6 26. exd6 Kd7 27.
Ke3 Rc3+ 28. Kxe4 Rhc8 29. Rfd1 f5+ 30. Ke5 Rc2 31. Rf1 R8c4 32. f3 Re2# 0-1

[Event "Letmathe- katernberg 2"]
[Site "?"]
[Date "2023.04.30"]
[Round "8.7"]
[White "Gorainow, Nikita"]
[Black "Tomiczny, Darius"]
[Result "1-0"]
[WhiteElo "2000"]
[BlackElo "2015"]
[PlyCount "83"]
[SourceVersionDate "2023.06.22"]

1. e4 c5 2. Nf3 e6 3. d4 cxd4 4. Nxd4 Bc5 5. Nb3 Bb6 6. Nc3 Ne7 7. Bc4 Nbc6 8.
Bf4 O-O 9. O-O f5 10. Bd6 Rf7 11. Qd2 fxe4 12. Nxe4 Nf5 13. Rae1 h6 14. a4 Bc7
15. Rd1 Bxd6 16. Nxd6 Nxd6 17. Qxd6 Qf6 18. c3 Ne5 19. Be2 Rf8 20. f4 Nf7 21.
Qc7 d5 22. f5 exf5 23. Bf3 Ng5 24. Bxd5+ Be6 25. Qxb7 Rab8 26. Qc6 Rxb3 27. h4
Nh3+ 28. gxh3 Rb6 29. Bxe6+ Qxe6 30. Qxe6+ Rxe6 31. Rd7 Ra6 32. Re1 Rf7 33.
Re8+ Rf8 34. Ree7 Rg6+ 35. Kf2 Rb8 36. b4 Rc8 37. Rxa7 Rxc3 38. Ra8+ Kh7 39.
Ree8 Rgc6 40. h5 Rc2+ 41. Ke3 f4+ 42. Kd3 1-0

[Event "Bielefeld- Porz 3"]
[Site "?"]
[Date "2023.04.30"]
[Round "8.1"]
[White "Gallinnis, Norbert"]
[Black "Forchert, Martin"]
[Result "0-1"]
[WhiteElo "2143"]
[BlackElo "2308"]
[PlyCount "52"]
[SourceVersionDate "2023.06.22"]

1. b3 e5 2. Bb2 Nc6 3. Nf3 e4 4. Nd4 Nf6 5. Nxc6 dxc6 6. d4 Bd6 7. Qd2 Bf5 8.
Na3 O-O 9. Nc4 Re8 10. Qg5 Bg6 11. g4 b5 12. Ne3 h6 13. Qh4 Bf4 14. Ng2 Bg5 15.
Qg3 Nd5 16. h4 Be7 17. a3 Bd6 18. Qh3 e3 19. c4 bxc4 20. bxc4 Rb8 21. Bc1 exf2+
22. Kd2 Nf6 23. Kd1 Ne4 24. h5 Bh7 25. g5 Nxg5 26. Qh4 Bg3 0-1